| 000 | 00855nam a22002177a 4500 | ||
|---|---|---|---|
| 999 |
_c13229 _d13229 |
||
| 003 | AR-CdUCM | ||
| 008 | 190411b ||||| |||| 00| 0 spa d | ||
| 040 |
_aMUNICIPALIDAD PROVINCIAL DEL CUSCO _cBIBLIOTECA MUNICIPAL DEL CUSCO |
||
| 082 |
_a365.7 / _bS47 / 1945 |
||
| 100 |
_aSeminario Helguero, Gabriel _931517 |
||
| 245 | _aNotas sobre la reforma del régimen penal en el Perú / | ||
| 260 |
_aLima : _bTalls. Gráfs. de la Penitenciaria Central, _c1945. |
||
| 300 |
_a170 paginas ; _bIlustraciones plegables, _c25 cm. |
||
| 505 | _aContenido :De los servicios y su personal -- Construcciones carcelarias -- Establecimientos -- Casa de inculpados -- Decálogo del vigilante... | ||
| 650 |
_aPrisiones _98398 |
||
| 650 |
_aPerú _935 |
||
| 650 |
_aDelitos _912134 |
||
| 650 |
_aCriminales _931518 |
||
| 942 |
_2ddc _cLIBROS |
||
| 945 |
_awnts _d2019-04-11 |
||